Zur Hypothesenbildung (Registro nro. 313782)
[ vista simple ]
| 000 -ENCABEZADO | |
|---|---|
| Número de control [NR] | 01126cam a2200265 a 4500 |
| 001 - NÚMERO DE CONTROL | |
| control field | 3060886 |
| 005 - FECHA Y HORA DE LA ÚLTIMA TRANSACCIÓN | |
| control field | 20190731081829.0 |
| 008 - DE LONGITUD FIJA DE DATOS DE ELEMENTOS - INFORMACIÓN GENERAL | |
| Elementos de longitud fija [NR] | 190731s1996 gw b 001 0 ger |
| 010 ## - NUMERO DE CONTROL DE LA BIBLIOTECA DEL CONGRESO (LC) [NR] | |
| Número de control LC [NR] | 96156267 |
| 020 ## - NUMERO INTERNACIONAL NORMALIZADO PARA LIBROS [R] | |
| Número Internacional Normalizado del libro [NR] | 3631493835 |
| 040 ## - FUENTE DE CATALOGACION [NR] | |
| Agencia de catalogación original [NR] | CO-BoUCM |
| Quien Cataloga | Saul Niño |
| Quien Clasifica | Saul Niño |
| Idioma de catalogación [NR] | spa |
| 041 0# - CODIGO DE IDIOMA [R] | |
| Código de idioma para texto/pista de sonido o título separado [R] | Alemán |
| 100 1# - ASIENTO PRINCIPAL--NOMBRE PERSONAL [NR] | |
| Nombre personal [NR] | Corral, Alvaro, |
| Fechas asociadas con el nombre [NR] | 1962- |
| ID Autoridad | 97864 |
| 245 10 - MENCION DE TITULO [NR] | |
| Título [NR] | Zur Hypothesenbildung |
| Parte restante del título [NR] | das Problem der epistemologischen Voraussetzungen wissenschaftlicher Prinzipien bei William Whewell |
| Mención de responsabilidad, etc. [NR] | Alvaro Corral |
| 260 ## - PUBLICACION, DISTRIBUCION, ETC. (PIE DE IMPRENTA) [R] | |
| Lugar de publicación, distribución, etc. [R] | Frankfurt am Main |
| -- | New York |
| Nombre del editor, distribuidor, etc. [R] | Peter Lang |
| Fecha de publicación, distribución, etc. [R] | 1996 |
| 300 ## - DESCRIPCION FISICA [R] | |
| Extensión [R] | 248 páginas |
| 490 0# - MENCION DE SERIE [R] | |
| Mención de serie [R] | Europäische Hochschulschriften. Reihe XX, Philosophie |
| ISBN [NR] | 0721-3417 |
| Designación numérica/secuencial del volumen [NR] | 483 |
| Mención de serie [R] | Publications universitaires européennes. Série XX, Philosophie |
| Designación numérica/secuencial del volumen [NR] | 483 |
| Mención de serie [R] | European university studies. Series XX, Philosophy |
| Designación numérica/secuencial del volumen [NR] | 483 |
| 546 ## - NOTA DE IDIOMA [R] | |
| Nota de idioma [NR] | Texto en alemán |
| 600 10 - ASIENTO SECUNDARIO DE MATERIA - NOMBRE PERSONAL [R] | |
| Nombre personal [NR] | Whewell, William |
| Fechas asociadas con el nombre [NR] | 1794-1866 |
| 9 (RLIN) | 97865 |
| Subdivisión general [R] | Crítica e intrepretación |
| 650 #7 - ASIENTO SECUNDARIO DE MATERIA - TERMINO TEMATICO [R] | |
| Término temático o nombre geográfico como elemento de entrada [NR] | Ciencia |
| Subdivisión general [R] | Filosofía |
| 9 (RLIN) | 42111 |
| 650 #7 - ASIENTO SECUNDARIO DE MATERIA - TERMINO TEMATICO [R] | |
| Término temático o nombre geográfico como elemento de entrada [NR] | Ciencia |
| Subdivisión general [R] | metodología |
| 9 (RLIN) | 78849 |
| 650 #7 - ASIENTO SECUNDARIO DE MATERIA - TERMINO TEMATICO [R] | |
| Término temático o nombre geográfico como elemento de entrada [NR] | Hipótesis |
| 9 (RLIN) | 16903 |
| 942 ## - ELEMENTOS DE ENTRADA AGREGADOS (KOHA) | |
| Sistema de clasificación | DEWEY |
| Tema principal | Ciencias puras |
| Tipo de ítem principal el descrito en 300a | Libro |
| Edición | 1 |
| Clasificación | 501 |
| Parte restante de la signatura top. | C823z |
| Total préstamos | Signatura topográfica | Código de barras | Última vez visto | Ejemplar | Costo de reposición | Price effective from | Tipo de ítem | Perdido | Sistema de clasificación | Dañado | No prestable | Tipo de ítem específico | Suprimido | Ubicación habitual | Ubicación actual | Localización | Fecha de creación | Proveedor | Forma de adquisición | Costo |
|---|---|---|---|---|---|---|---|---|---|---|---|---|---|---|---|---|---|---|---|---|
| 501 C823z | 100161751 | 05/12/2025 | Ej.1 | 26000.00 | 25/06/2019 | Libro | DEWEY | Libro | Claustro | Claustro | 2do piso | 25/06/2019 | 12 | Donación | 0.00 |